000 00569nam a2200181Ia 4500
008 090124s9999 xx 000 0 und d
082 _b106408
100 _aभावे शिवराम गोविंद
245 _a त्यागाचे तेज
250 _a1
260 _c1957
300 _a80
600 _aभावे शिवराम गोविंद
630 _a त्यागाचे तेज
700 _aभावे शिवराम गोविंद
730 _a त्यागाचे तेज
942 _cBOOK
999 _c152499
_d152499